1956 1704 1445 1055 1038 1360 1313 1802 1042 1449 1236 1963 1635 1764 1971 1345 1478 1937 1225 1756 1787 1635 1501 1826 1854 1859 1909 1237 1652 1155 1047 1550 1549 1449 1478 1037 1319 1364 1109 1363 1465 1053 1043 1918 1292 1318 1574 1865 1354 1897 1517 1097 1607 1657 1652 1680 1242 1491 1024 1981 1483 1656 1167 1179 1834 1353 1009 1187 1913 1332 1865 1682 1747 1393 1582 1088 1673 1121 1265 1361 1376 1449 1165 1001 1481 1642 1347 1454 1496 1865 1221 1143 1698 1734 1565 1061 1810 1326 1147 BCNSPRNW ULIB Ver.6.0+V

เปลี่ยนเป็นภาษาไทย

Change to English
 แสดงรายละเอียดบรรณานุกรม
  กลับหน้าหลัก

Brief Record : Get Marc (ISO 2709) : E-mail record : QR code < ปิดหน้าต่าง
LEADER : 00000nam 2200000uu 4500
001    13399121217
003     ULIB
008    121109s2546||||th 000 0 tha d
020    ^a9749007336
041 1  ^atha^heng
050 04 ^aPE1130^bK111ว 2546
100 0  ^aเคลลี, เจอรัลด์
245 10 ^aวิธีสอนการออกเสียง = How to teach pronunciation /^cGerald Kelly, เขียน ; Jeremy Harmer, บรรณาธิการชุดภาษาอังกฤษ ;รัชนีโรจน์ กุลธำรง, แปลและเรียบเรียง ; พงษ์ศรี เลขะวัฒนะ, บรรณาธิการชุดภาษาไทย
250    ^aพิมพ์ครั้งที่ 1
260    ^aกรุงเทพฯ :^bบริษัท เพียร์สัน เอ็ดดูเคชั่น อินโดไชน่า,^c2546
300    ^aviii, 191 หน้า :^bภาพประกอบ ;^c25 ซม. +^eซีดี-รอม 1 แผ่น (4 3/4 นิ้ว)
650  7 ^aภาษาอังกฤษ^xการออกเสียง^xการศึกษาและการสอน
650  7 ^aภาษาอังกฤษ^xสัทศาสตร์
700 0  ^aรัชนีโรจน์ กุลธำรง
700 12 ^aKelly, Gerald.^tHow to teach pronunciation
945    ^p392^l0^i14389
995    ^aกัณชพร
999 ^a กัณชพร
รายการนี้ยังไม่มีแท็ก
คุณยังไม่ได้ล็อกอิน คุณสามารถมีกิจกรรมร่วมกับเว็บไซต์ได้ แต่ต้องล็อกอินก่อน ::
  ล็อกอิน

รายการสื่อสารสนเทศ

ลำดับที่ ประเภท เลขเรียก/บาร์โค้ด สถานที่ สถานะ
1. วิทยาศาสตร์การแพทย์ และสุขภาพ
วิทยาศาสตร์การแพทย์ และสุขภาพ
PE1130 K111ว 2546  
  Barcode: 14389
ห้องสมุดวิทยาเขตสวรรค์ประชารักษ์
►หนังสือทั่วไป
บนชั้น

รายการใกล้เคียง
    ผู้แต่ง [เคลลี, เจอรัลด์]

BibComment


ยังไม่เคยถูกคอมเมนท์

คอมเมนท์ทรัพยากรรายการนี้
  คอมเมนท์: วิธีสอนการออกเสี..


 Copyright 2026. Bcnsprnw @Library